Star Wars-Who’s from where quiz - Statistics

General Stats
  • This quiz has been taken 115 times
  • The average score is 9 of 14
Answer Stats
Hint Answer % Correct
Padmè Amidala Naboo
98%
Anakin Skywalker Tatooine
96%
Boba Fett Kamino
85%
Bail Organa Alderaan
74%
Sabine Wren Mandalore
74%
Chewbacca Kashyyk
73%
Hera Syndulla Ryloth
67%
Darth Maul Dathomir
66%
Gial Ackbar Mon Cala
63%
Ezra Bridger Lothal
62%
Unkar Plutt Jakku
57%
Baze Malbus Jedha
39%
Mon Mothma Chandrila
37%
Zeb Lasan
34%
No matching quizzes found
Score Distribution
Percent of People with Each Score
Percentile by Number Answered
Your Score History
You have not taken this quiz